About science

Saved in:
Bibliographic Details
Main Author: Barnes, Barry
Format: Book
Language:Undetermined
Published: New York Basil Blackwell 1985
Subjects:
Tags: Add Tag
No Tags, Be the first to tag this record!
Institutions: Trung tâm Học liệu Trường Đại học Cần Thơ
LEADER 00416nam a2200169Ia 4500
001 CTU_78567
008 210402s9999 xx 000 0 und d
082 |a 508 
082 |b B261 
100 |a Barnes, Barry 
245 0 |a About science 
245 0 |c Barry Barnes 
260 |a New York 
260 |b Basil Blackwell 
260 |c 1985 
650 |a Science 
980 |a Trung tâm Học liệu Trường Đại học Cần Thơ